000 00492nam a2200169Ia 4500
001 67634
008 150618s9999 xx 000 0 und d
020 _aNA
040 _cPK-LaUMT
082 _a 320.95491378
_bHAN-R
100 _aHanif Shahid, Mohammad
245 4 _aThe role of Islamia College Lahore in the Pakistan movement (EN+Urdu)
_cHanif Shahid, Mohammad
260 _aRiyadh,Saudia:
_bInternaitonal Islamic Institute,
_c1992
300 _a124+190 p.
546 _aEN
942 _cBK
999 _c73104
_d73104